000 00986nam a2200205 a 4500
003 AM-YeHGA
040 _aAM-YeHGA
090 _c433557
005 20250617155343.0
008 180905s1878 ru ah||gr|||||||||0|rus d
041 0 _arus
_achu
245 0 0 _aСказание о иконе божией матери Одигитрии :
_bFacsimile из рукописи, принадлежащей кн. П.П. Вяземскому № 63 /
260 _a[Санкт-Петербург] :
_b[ОЛДП],
_c1878.
300 _a[2] с., [4] с. факс. с ил., 1 л. цв. ил. :
_c29 см.
490 1 0 _a[Издания] ОЛДП [Общества любителей древней письменности]
_v19
500 _aТекст рукописи на старо-славян. яз.
650 1 4 _aЦерковная история
830 0 _a[Издания] ОЛДП [Общества любителей древней письменности]
_s19
942 _2udc
_cBK
999 _c430993
_d430993